Bowker, 1680 : an almanack for the year of our Lord God 1680 being bissextile or leap-year containing the motions of the sun, moon, planets, and fixed stars, the aspects of the planets and inclination of the air, the time of high-water at London Bridge every day in the year and also in 55 other ports and havens about England : with a brief chronology in a new mode and divers other necessary things pertinent to the compleating of a diary or day-book suitable to all mens occasions : hereunto is added a continuation of the brief view of astronomy and the refutation of the Copernican opinion concerning the earths motion : calculated properly for the meridian of London and may generally serve the two famous islands of Great Britain and Ireland /

Bibliographic Details
Main Author: Bowker, James, active 1668-1684
Format: Microform Book
Language:English
Series:Early English books, 1641-1700 ; 1373:8.
Subjects:

MARC

Tag First Indicator Second Indicator Subfields
LEADER 00000cam a2200000 a 4500
001 in00000897939
005 20150923161222.0
007 hd afv---baca
007 hz bfv---baaa
008 831118s1680 miua a 00010 eng d
035 |a (OCoLC)10145108 
035 |9 AEM1640AM 
037 |a CL0037000047  |b University Microfilms International 
037 |b University Microfilms International, 300 N. Zeeb Rd., Ann Arbor, MI 48106 
040 |a UMI  |c UMI  |d UtOrBLW 
043 |a e-uk-en 
045 0 |b d1680 
049 |a TXAI 
090 |a AY751.B68  |b B68 1680 
099 |a film   |a  B   |a  3609 
100 1 |a Bowker, James,  |d active 1668-1684. 
245 1 0 |a Bowker, 1680 :  |b an almanack for the year of our Lord God 1680 being bissextile or leap-year containing the motions of the sun, moon, planets, and fixed stars, the aspects of the planets and inclination of the air, the time of high-water at London Bridge every day in the year and also in 55 other ports and havens about England : with a brief chronology in a new mode and divers other necessary things pertinent to the compleating of a diary or day-book suitable to all mens occasions : hereunto is added a continuation of the brief view of astronomy and the refutation of the Copernican opinion concerning the earths motion : calculated properly for the meridian of London and may generally serve the two famous islands of Great Britain and Ireland /  |c by James Bowker. 
264 3 |a London :  |b Printed by Tho. James,  |c 1680. 
300 |a 47 unnumbered pages :  |b illustrations 
336 |a text  |b txt  |2 rdacontent 
337 |a microform  |b h  |2 rdamedia 
338 |a microfilm reel  |b hd  |2 rdacarrier 
500 |a Reproduction of original in the Bodleian Library. 
510 4 |a Wing  |c A1363. 
533 |a Microfilm.  |b Ann Arbor, Mich. :  |c University Microfilms International,  |d 1983.  |e 1 microfilm reel ; 35 mm.  |f (Early English books, 1641-1700 ; 1373:8) 
500 |a Microform. 
650 0 |a Almanacs, English. 
650 0 |a Astrology  |v Early works to 1800. 
650 0 |a Ephemerides. 
740 0 |a Bowker. 
830 0 |a Early English books, 1641-1700 ;  |v 1373:8. 
999 |a MARS 
999 f f |s 4f040069-3e94-3d25-9e9d-5c4a34617387  |i f7a61d1c-0b95-3376-b324-8f56eedef3c2  |t 0 
952 f f |p default  |a Texas A&M University  |b College Station  |c Sterling C. Evans Library  |d Evans: Microforms (3rd floor)  |t 0  |e film B 3609 1373:8  |h Other scheme  |i microform -- microfilm reel 
998 f f |a film B 3609 1373:8  |t 0  |l Evans: Microforms (3rd floor)